| 000 | 00420nam a2200169 4500 | ||
|---|---|---|---|
| 005 | 20250815191017.0 | ||
| 008 | 250815b |||||||| |||| 00| 0 eng d | ||
| 020 | _a9788127248673 | ||
| 041 | _aeng | ||
| 082 |
_a576.5 T02 _bSIN |
||
| 100 |
_aSingh, B.D. _922764 |
||
| 245 | _aGenetics | ||
| 260 |
_aLudhiana : _bKalyani Publishers, _c2002. |
||
| 300 | _a823p. | ||
| 650 |
_aGenetics and evolution _919999 |
||
| 942 | _cBK | ||
| 999 |
_c31368 _d31368 |
||